Principles of Economics / (Record no. 16123)

MARC details
000 -LEADER
fixed length control field 01163cam a22003255a 4500
006 - FIXED-LENGTH DATA ELEMENTS--ADDITIONAL MATERIAL CHARACTERISTICS--GENERAL INFORMATION
fixed length control field a||||f |||| 00| 0
008 - FIXED-LENGTH DATA ELEMENTS--GENERAL INFORMATION
fixed length control field 080910t20072009xxu||||f |||| 00| 0 eng d
020 ## - INTERNATIONAL STANDARD BOOK NUMBER
International Standard Book Number 1000027121 (CD)
020 ## - INTERNATIONAL STANDARD BOOK NUMBER
International Standard Book Number 0324594631 (international ed. : hbk.)
020 ## - INTERNATIONAL STANDARD BOOK NUMBER
International Standard Book Number 9780324594638 (international ed. : hbk.)
020 ## - INTERNATIONAL STANDARD BOOK NUMBER
International Standard Book Number 1439040753 (Access Code)
020 ## - INTERNATIONAL STANDARD BOOK NUMBER
International Standard Book Number 9781439040751 (Access Code)
020 ## - INTERNATIONAL STANDARD BOOK NUMBER
International Standard Book Number 9781408058107 (Set)
040 ## - CATALOGING SOURCE
Original cataloging agency EG-ScBUE
Language of cataloging eng
Transcribing agency EG-ScBUE
082 04 - DEWEY DECIMAL CLASSIFICATION NUMBER
Classification number 330
Item number MAN
Edition number 22
100 1# - MAIN ENTRY--PERSONAL NAME
Personal name Mankiw, N. Gregory.
9 (RLIN) 27462
245 10 - TITLE STATEMENT
Title Principles of Economics /
Statement of responsibility, etc N. Gregory Mankiw.
246 30 - VARYING FORM OF TITLE
Title proper/short title Economics
250 ## - EDITION STATEMENT
Edition statement 5th ed.
Remainder of edition statement International student edition
260 ## - PUBLICATION, DISTRIBUTION, ETC. (IMPRINT)
Place of publication, distribution, etc Australia :
Name of publisher, distributor, etc Thomson/South-Western,
Date of publication, distribution, etc c2009.
300 ## - PHYSICAL DESCRIPTION
Extent xxxi, 872 p. :
Other physical details col. ill. ;
Dimensions 27 cm. +
Accompanying material 1 CD-ROM (4 3/4 in.)
500 ## - GENERAL NOTE
General note index 856-872.
504 ## - BIBLIOGRAPHY, ETC. NOTE
Bibliography, etc glossary 849-855.
650 #0 - SUBJECT ADDED ENTRY--TOPICAL TERM
Topical term or geographic name as entry element Economics.
9 (RLIN) 27463
Source of heading or term BUEsh
651 ## - SUBJECT ADDED ENTRY--GEOGRAPHIC NAME
Source of heading or term BUEsh
653 ## - INDEX TERM--UNCONTROLLED
Resource For college BAEPS, Economics
Arrived date list August2015
655 ## - INDEX TERM--GENRE/FORM
Form subdivision
-- 33728
856 ## - ELECTRONIC LOCATION AND ACCESS
Materials specified Online Study Tools
Uniform Resource Identifier <a href="http://www.cengage.com/login">http://www.cengage.com/login</a>
Public note For obtaining access codes please call the Library on Ext. 1372
942 ## - ADDED ENTRY ELEMENTS (KOHA)
Item type Book - Borrowing
Call number prefix 330 MAN
Source of classification or shelving scheme Dewey Decimal Classification
Holdings
Withdrawn status Item status Source of classification or shelving scheme Damaged status Not for loan Vendor Home library Current library Shelving location Date acquired Source of acquisition Cost, normal purchase price Total Checkouts Total Renewals Full call number Barcode Date last seen Date last borrowed Cost, replacement price Koha item type Public note Checked out Materials specified (bound volume or other part)
    Dewey Decimal Classification     Baccah Central Library Central Library First floor 10/10/2011   190.00 9 34 330 MAN 000025254 15/07/2025 24/03/2019 237.50 Book - Borrowing      
    Dewey Decimal Classification     Baccah Central Library Central Library First floor 10/10/2011   190.00     330 MAN 000025255 24/08/2022   237.50 CD | DVD - With book Middle East Case Studies Appendix    
    Dewey Decimal Classification     Baccah Central Library Central Library First floor 10/10/2011   190.00 3 38 330 MAN 000025256 15/07/2025 22/04/2025 237.50 Book - Borrowing      
    Dewey Decimal Classification     Baccah Central Library Central Library First floor 10/10/2011   190.00     330 MAN 000025257 24/08/2022   237.50 CD | DVD - With book Middle East Case Studies Appendix    
    Dewey Decimal Classification     Baccah Central Library Central Library First floor 10/10/2011   190.00 8 47 330 MAN 000025258 15/02/2026 15/02/2026 237.50 Book - Borrowing   17/05/2026  
    Dewey Decimal Classification     Baccah Central Library Central Library First floor 10/10/2011   190.00     330 MAN 000025259 24/08/2022   237.50 CD | DVD - With book Middle East Case Studies Appendix   Lost In Inventory_2015-8-23
    Dewey Decimal Classification     Baccah Central Library Central Library First floor 31/10/2011   190.00 4 19 330 MAN 000025548 15/07/2025 09/05/2018 237.50 Book - Borrowing      
    Dewey Decimal Classification     Baccah Central Library Central Library First floor 31/10/2011   190.00     330 MAN 000025549 24/08/2022   237.50 CD | DVD - With book      
    Dewey Decimal Classification     Baccah Central Library Central Library First floor 31/10/2011   190.00 6 33 330 MAN 000025550 26/11/2025 26/11/2025 237.50 Book - Borrowing   16/05/2026  
    Dewey Decimal Classification     Baccah Central Library Central Library First floor 31/10/2011   190.00     330 MAN 000025551 24/08/2022   237.50 CD | DVD - With book     Lost In Inventory_2015-8-23
    Dewey Decimal Classification     Baccah Central Library Central Library First floor 31/10/2011   190.00 12 37 330 MAN 000025553 17/01/2026 19/11/2025 237.50 Book - Borrowing      
    Dewey Decimal Classification     Baccah Central Library Central Library First floor 31/10/2011   190.00     330 MAN 000025552 24/08/2022   237.50 CD | DVD - With book